| 000 | 00568nam a2200217Ia 4500 | ||
|---|---|---|---|
| 003 | OSt | ||
| 005 | 20221007080238.0 | ||
| 006 | a|||||r|||| 00| 0 | ||
| 007 | ta | ||
| 008 | 221006b |||||||| |||| 00| 0 eng d | ||
| 024 | _a11,239 | ||
| 037 | _cTextual | ||
| 040 |
_aFLL _cFLL _beng |
||
| 041 |
_2eng _aeng |
||
| 082 | _aT4.2.N66-N64t, L1 | ||
| 245 | 0 | _aEducation and national development | |
| 260 |
_aNew Delhi _bU.G.C. India _c1966 |
||
| 300 |
_axxxiv,992p _ccm. |
||
| 942 |
_hT4.2.N66-N64t, L1 _cTEXL _2CC |
||
| 999 |
_c1158817 _d1158817 |
||